Spell the Marvel Character #160 - Statistics

General Stats
  • This quiz has been taken 20 times
  • The average score is 4 of 6
Answer Stats
Picture Answer % Correct
Angel
92%
Kitty Pryde
92%
Omega
77%
Havok
69%
Honey Lemon
62%
Vindicator
46%
No matching quizzes found
Score Distribution
Percent of People with Each Score
Percentile by Number Answered
Your Score History
You have not taken this quiz